| 000 | 00948nam a22002417a 4500 | ||
|---|---|---|---|
| 999 |
_c7418 _d7418 |
||
| 003 | AR-CdUCM | ||
| 008 | 190320b ||||| |||| 00| 0 spa d | ||
| 040 |
_aMUNICIPALIDAD PROVINCIAL DEL CUSCO _cBIBLIOTECA MUNICIPAL DEL CUSCO |
||
| 041 | _heng. | ||
| 082 |
_a636.08 / _bE59 |
||
| 100 |
_aEnsminger, M.E. _920916 |
||
| 245 | _aProducción equina / | ||
| 260 |
_aBuenos Aires : _bEl Ateneo, _c1973. |
||
| 300 |
_a471 paginas ; _bIlustraciones,laminas, _c26 cm. |
||
| 440 |
_aBiblioteca de producción animal _920917 |
||
| 505 | _aContenido :Historia y desarrollo de la industria aquina --Distribución,adaptación y futuro de la industria aquina --Anatomía funcional del caballo --Como elegir y cuidar caballos ... | ||
| 650 |
_aProducción _91785 |
||
| 650 |
_aAquinos _920918 |
||
| 700 |
_aCarlos Horacio Lightowler Stanlberg (traductor) _920919 |
||
| 700 |
_aMario Arnaldo Marino(traductor) _920920 |
||
| 942 |
_2ddc _cLIBROS |
||
| 945 | _arjall | ||